000 01120nam a22002657a 4500
005 20240530110757.0
008 190113s2017 ua abh g b 000 0dara d
017 _a2017/25913
_bمصر. دار الكتب
020 _a9789779115368
040 _aEG-CaGPL
_cEG-CaGPL
082 0 4 _221
_a963 /
_bد إ
100 0 _aداليا سعدالدين
245 1 0 _aاثيوبيا التوسع وتاسيس الدولة /
_cتاليف داليا سعدالدين ؛ تقديم السيد فليفل
250 _aط.1
260 _aالقاهرة :
_bالهيئة المصرية العامة للكتاب،
_c2017.
300 _a257 ص. :
_bايض ؛
_c24 سم.
504 _aيشتمل على ارجاعات ببليوجرافية
651 0 7 _2qrmak
_aاثيوبيا
_xتاريخ
651 0 7 _2qrmak
_aاثيوبيا
_xالاحوال الاقتصادية
651 0 7 _2qrmak
_aاثيوبيا
_xالاحوال الاجتماعية
651 0 7 _2qrmak
_aاثيوبيا
_xالاحوال الاقتصادية
700 0 _aالسيد فليفل
_eمقدم
942 _2ddc
_cBK
999 _c64911
_d64911